Cuestionario Fútbol #1 - Estadísticas

Estadísticas generales
  • Esta prueba ha sido intentada 43 veces
  • La puntuación promedio es 25 de 50
Estadísticas de respuestas
Pregunta Respuesta % Correcto
¿Que equipo que no pertenece a las 5 Grandes Ligas, ha ganado más veces la Champions League? Ajax
89%
¿Cuál es el único campeón europeo de una Copa Intercontinental sin haber sido nunca Campeón de Champions? Atlético de Madrid
78%
¿En qué Mundial sucedió la famosa "Mano de Dios"? Mexico 86
78%
¿Quién es el máximo goleador histórico de los mundiales? Miroslav Klose
78%
Después de España, ¿Qué país tiene tiene más títulos de Champions League en total? Inglaterra
75%
¿Qué equipo ha perdido más finales de Champions League? Juventus
75%
¿Cuál fue la ultima final de Champions entre dos equipos del mismo país? Chelsea-Manchester City
72%
¿Cual es la selección que más finales del Mundial ha disputado sin ganar ninguna de ellas? Holanda
72%
¿Cuál es el club con más Europa League? Sevilla
72%
¿En qué dos clubes españoles jugó Diego Armando Maradona? Sevilla y Barça
72%
¿Cuál es el jugador con más expulsiones de la historia de la Liga Española? Sergio Ramos
69%
¿Cuál es el jugador con más goles en Champions League después de Cristiano Ronaldo y Leo Messi? Lewandowski
67%
¿Cuál es la selección africana con mejor participación en la historia de los mundiales? Marruecos
67%
¿Cuántos equipos han ganado alguna vez un campeonato de Primera División Española? 9
64%
Iniesta marcó el gol que dio a España el mundial en 2010, ¿Quién dio la asistencia? Cesc Fabregas
64%
¿Cuál fue la última selección ni europea ni sudamericana que ha ganado a España en un mundial en 90 minutos? Japón
64%
¿Qué club tiene más Copas Libertadores de América? Independiente
61%
¿Qué jugador marcó el único gol de Brasil en el famoso 7-1 ante Alemania en el Mundial de 2014? Oscar
61%
¿Quién fue el último jugador en ganar el Pichichi sin jugar en el Barça o Madrid? Dovbyk
56%
¿Cuál fue el rival de la selección española en su mayor goleada? Malta
56%
Después de Neymar, ¿Cuál es el jugador sudamericano más caro de la historia? Philippe Coutinho
56%
¿Qué jugador anotó el gol más rápido de la Champions? Roy Makaay
56%
¿Contra que selección ganó España su primera Eurocopa? Unión Soviética
56%
¿Cuál es el equipo con más campeonatos de Liga Saudí? Al Hilal
53%
Sin contar a River Plate, cual fue el último argentino campeón de la Libertadores San Lorenzo
53%
¿Qué jugador de la selección española que no haya jugado ni en el Barça, ni en el Atlético ni en el Madrid; es el que más goles ha metido con España? David Silva
47%
En que año disputaron los clubes mexicanos por última vez la Conmebol Libertadores? 2016
44%
Quitando a los clubes brasileños y argentinos, ¿Cuál fue el último campeón de Libertadores? Atlético Nacional
44%
Cuál de estos jugadores tiene más asistencias en Champions League? Di Maria
44%
¿Cuál es la única selección que ha ganado un mundial sin recibir ningún gol durante la fase final? España
42%
En la Clasificación Histórica de Primera División Española, qué equipo es el que menos puntos tiene Cultural Leonesa
39%
Cuál de estos clubes no ha sido campeón de la Conference League? Fiorentina
39%
¿Quién ganó el premio Zarra en la temporada 2024/2025 en la liga española? Ayoze Pérez
36%
Junto a Kylian Mbappé, que jugador ha anotado un Hat-Trick en una final del mundo Geoff Hurst
36%
¿Cuál fue el primer equipo estadounidense en ganar la Leagues Cup? Inter Miami
36%
¿Qué selección ha eliminado más veces a España en una fase final de Eurocopa o Mundial? Italia
36%
Tras Barça, Madrid y Athletic Club, que equipo tiene más temporadas en Primera División Española Valencia
36%
¿Qué dos selecciones no han sido nunca campeonas de la Copa América? Ecuador y Venezuela
33%
¿A que país ganó España su primer oro olímpico en fútbol? Polonia
33%
Antes del PSG, ¿Qué equipo era el máximo ganador de la Liga Francesa? Saint-Étienne
33%
Durante toda la era Guardiola en el FC Barcelona, solo tres equipos le ganaron un partido por 2 o más goles (Inter y Sevilla fueron dos de ellos, ¿Cuál fue el tercero? Hércules
31%
¿Cuál de estos clubes ha ganado en dos ocasiones la Conmebol Sudamericana? Independiente del Valle
31%
¿Cuál es el jugador con más goles en finales de Champions League? Puskas
31%
¿Cuál es el máximo goleador extranjero de la Premier League? Salah
31%
¿Cuál es el club más laureado del fútbol mundial? Al Ahly
28%
¿Qué selección ha perdido más finales del Mundial? Alemania
28%
Después de Cristiano Ronaldo, quién es el máximo goleador europeo a nivel selecciones? Lukaku
25%
¿Cuál es el jugador más joven en marcar gol en una final de Champions? Patrick Kluivert
25%
¿Qué equipo ha ganado más veces la Segunda División Española? Real Murcia
25%
¿Qué récord tiene el Mundial de Rusia de 2018? Más goles en propia puerta
22%
No se encontraron pruebas coincidentes
Distribución de puntuación
Porcentaje de gente con cada puntuación
Porcentaje por número respondido
Historial de tus puntuaciones
No has intentado esta prueba.